000 00398nam a22001697a 4500
003 OSt
005 20241014114041.0
008 241014b |||||||| |||| 00| 0 eng d
020 _a9789354664779
040 _cIIMT UNIVERSITY
100 _aBD CHAURASIA
245 _aBD CHAURASIAS HUMAN ANATOMY VOL - 4
250 _a9TH
260 _aNEW DELHI
_bCBS
_c2024
300 _a226
942 _2ddc
_c02
999 _c64420
_d64420